Political value of time: citizenship, duration, and democratic justice (Record no. 25904)
[ view plain ]
| 000 -LEADER | |
|---|---|
| fixed length control field | 01433 a2200169 4500 |
| 020 ## - INTERNATIONAL STANDARD BOOK NUMBER | |
| ISBN | 9781108412254 |
| 082 ## - DEWEY DECIMAL CLASSIFICATION NUMBER | |
| Classification number | 320.01 |
| Item number | COH-P |
| 100 ## - MAIN ENTRY--AUTHOR NAME | |
| Personal name | Cohen,Elizabeth F. |
| 245 ## - TITLE STATEMENT | |
| Title | Political value of time: citizenship, duration, and democratic justice |
| 260 ## - PUBLICATION, DISTRIBUTION, ETC. (IMPRINT) | |
| Name of publisher | Cambridge University Press |
| Year of publication | 2018 |
| Place of publication | Cambridge |
| 300 ## - PHYSICAL DESCRIPTION | |
| Number of Pages | viii, 183p |
| 504 ## - BIBLIOGRAPHY, ETC. NOTE | |
| Bibliography, etc | Include Bibliography and Index<br/> |
| 520 ## - SUMMARY, ETC. | |
| Summary, etc | Waiting periods and deadlines are so ubiquitous that we often take them for granted. Yet they form a critical part of any democratic architecture. When a precise moment or amount of time is given political importance, we ought to understand why this is so. The Political Value of Time explores the idea of time within democratic theory and practice. Elizabeth F. Cohen demonstrates how political procedures use quantities of time to confer and deny citizenship rights. Using specific dates and deadlines, states carve boundaries around a citizenry. As time is assigned a form of political value it comes to be used to transact over rights. Cohen concludes with normative analysis of the ways in which the devaluation of some people's political time constitutes a widely overlooked form of injustice. This book shows readers how and why they need to think about time if they want to understand politics. |
| 546 ## - LANGUAGE NOTE | |
| Language note | <br/> <br/> |
| 650 ## - SUBJECT ADDED ENTRY--TOPICAL TERM | |
| Topical Term | Democracy |
| Form subdivision | Political science--Philosophy |
| -- | Citizenship |
| -- | Political participation |
| 942 ## - ADDED ENTRY ELEMENTS (KOHA) | |
| Source of classification or shelving scheme | Dewey Decimal Classification |
| Koha item type | Books |
| Withdrawn status | Lost status | Damaged status | Not for loan | Home library | Current library | Date acquired | Source of acquisition | Cost, normal purchase price | Bill Date | Full call number | Accession Number | Cost, replacement price | Price effective from | Koha item type |
|---|---|---|---|---|---|---|---|---|---|---|---|---|---|---|
| NASSDOC Library | NASSDOC Library | 30/12/2019 | OP | 1301.70 | 2019-12-20 | 320.01 COH-P | 50723 | 1783.16 | 30/12/2019 | Books |
